Frost killing and hardiness of plants : a critical review /

Bibliographic Details
Main Author: Levitt, J. (Jacob), 1911-
Format: Book
Language:English
Published: Minneapolis, Minn. : Burgess publishing co., [1941]
Subjects:

MARC

Tag First Indicator Second Indicator Subfields
LEADER 00000cam a2200000 4500
001 in00000049780
005 20151007073747.0
008 770811s1941 mnu b 00010 eng
010 |a  42016703  
035 |a (OCoLC)03180862 
035 |9 AAF0323AM 
040 |a DLC  |c OCP  |d TXA  |d UtOrBLW 
049 |a TXAM  |v [108954] 
050 0 |a QK756  |b .L48 
082 0 |a 581.54224 
092 |a 581.54224  |b L666f 
100 1 |a Levitt, J.  |q (Jacob),  |d 1911- 
245 1 0 |a Frost killing and hardiness of plants :  |b a critical review /  |c by J. Levitt. 
264 1 |a Minneapolis, Minn. :  |b Burgess publishing co.,  |c [1941] 
300 |a 1 page ., v numbered ., 211 pages ;  |c 28 x 22 cm. 
336 |a text  |b txt  |2 rdacontent 
337 |a unmediated  |b n  |2 rdamedia 
338 |a volume  |b nc  |2 rdacarrier 
500 |a Reproduced from type-written copy. 
504 |a Bibliography: pages 187-211. 
650 0 |a Plants  |x Effect of temperature on. 
650 0 |a Frost. 
999 |a MARS 
999 f f |s 74d30fa3-d64c-3bf5-aa82-72dc7e1b1a4c  |i b3989d8a-89b9-3abc-b54f-093723dd5264  |t 0 
952 f f |p ric  |a Texas A&M University  |b Rellis Campus  |c Joint Library Facility  |d Remote Storage  |t 0  |e QK756 .L48  |h Library of Congress classification  |i unmediated -- volume  |m A14800990969 
998 f f |a QK756 .L48  |t 0  |l Remote Storage